[Event "Waltrop- Borbeck"]
[Site "?"]
[Date "2024.01.28"]
[Round "5.7"]
[White "Strauß, Dirk"]
[Black "Sehrbrock, Christoph"]
[Result "1-0"]
[WhiteElo "1888"]
[BlackElo "1823"]
[PlyCount "53"]
[SourceDate "2024.01.23"]

1. d4 Nf6 2. Nf3 c5 3. d5 b5 4. e4 Nxe4 5. Bd3 Qa5+ 6. Nbd2 Nf6 7. O-O c4 8.
Be4 Bb7 9. Re1 Bxd5 10. Bxd5 Nxd5 11. a4 Nf6 12. Nd4 a6 13. b4 Qb6 14. c3 e6
15. axb5 d5 16. Qa4 Nfd7 17. N2f3 Bd6 18. Be3 Qc7 19. b6 Qb7 20. Nb5 Ke7 21.
Nxd6 Kxd6 22. Bc5+ Nxc5 23. bxc5+ Ke7 24. Nd4 a5 25. c6 Qxb6 26. Rab1 Qc5 27.
Rb5 1-0

[Event "Waltrop- Borbeck"]
[Site "?"]
[Date "2024.01.28"]
[Round "5.8"]
[White "Neumann, Robert"]
[Black "Mundil, Uwe"]
[Result "1-0"]
[WhiteElo "1936"]
[BlackElo "1969"]
[PlyCount "121"]
[SourceDate "2024.01.23"]

1. Nf3 Nf6 2. c4 e6 3. e3 d5 4. b3 c6 5. Bb2 Nbd7 6. Be2 Bd6 7. d4 Qe7 8. Ne5
Nxe5 9. dxe5 Bb4+ 10. Kf1 Nd7 11. h4 O-O 12. Nd2 f6 13. exf6 Nxf6 14. Nf3 Ng4
15. cxd5 exd5 16. h5 Bc5 17. Bd4 Bd6 18. Qd2 Bd7 19. Bc3 Rae8 20. h6 Nxh6 21.
Rxh6 gxh6 22. Qd4 Bf5 23. Qh8+ Kf7 24. Qg7+ Ke6 25. Nd4+ Kd7 26. Nxf5 Rxf5 27.
Bg4 Ref8 28. Qxe7+ Kxe7 29. Bxf5 Rxf5 30. Ke2 Rh5 31. Rd1 Ke6 32. f4 b6 33. Kf3
Be7 34. Be5 Rxe5 35. fxe5 Kxe5 36. Rd4 c5 37. Ra4 a5 38. Rf4 Bf6 39. g4 b5 40.
Rf5+ Ke6 41. Ke2 Be7 42. e4 d4 43. Kd3 Bd6 44. Rh5 Bf8 45. a4 bxa4 46. bxa4 Kd6
47. Kc4 Kc6 48. Rf5 Be7 49. Rf7 Bg5 50. Kd3 Kd6 51. Ra7 Bd8 52. Rxh7 Bg5 53.
Rh8 Ke5 54. Ra8 c4+ 55. Kxc4 Kxe4 56. Rxa5 d3 57. Rd5 d2 58. a5 Be3 59. a6 Kf4
60. Rxd2 Kxg4 61. Rd4+ 1-0

[Event "Kirchhellen- Bönen"]
[Site "?"]
[Date "2024.01.28"]
[Round "5.1"]
[White "Schlottmann, Fabian"]
[Black "Schlueter, Christoph"]
[Result "1/2-1/2"]
[WhiteElo "2303"]
[BlackElo "1956"]
[PlyCount "61"]
[SourceDate "2024.01.23"]

1. d4 Nf6 2. Bg5 e6 3. e4 h6 4. Bxf6 Qxf6 5. Nf3 d6 6. c3 Nd7 7. Bd3 g6 8. Nbd2
Bg7 9. Qe2 O-O 10. O-O e5 11. a4 a5 12. Bc4 Nb6 13. Ba2 Qe7 14. Nc4 Nxc4 15.
Bxc4 Bg4 16. dxe5 dxe5 17. h3 Be6 18. Rfd1 Rfd8 19. Kh2 Bf6 20. g3 Kg7 21. b3
h5 22. Bxe6 Qxe6 23. Qb5 b6 24. c4 Rab8 25. Rxd8 Rxd8 26. c5 g5 27. cxb6 cxb6
28. Kg2 Rc8 29. Qd3 Rd8 30. Qb5 Rc8 31. Qd3 1/2-1/2

[Event "Kirchhellen- Bönen"]
[Site "?"]
[Date "2024.01.28"]
[Round "5.2"]
[White "Sinnwell, Horst"]
[Black "Moenkemeyer, Maik"]
[Result "1/2-1/2"]
[WhiteElo "1979"]
[BlackElo "1911"]
[PlyCount "45"]
[SourceDate "2024.01.23"]

1. Nf3 d5 2. c4 c6 3. e3 Nf6 4. d4 e6 5. Nbd2 Bd6 6. Be2 Nbd7 7. O-O O-O 8. b3
e5 9. dxe5 Nxe5 10. Bb2 Re8 11. cxd5 Nxd5 12. Nxe5 Bxe5 13. Bxe5 Rxe5 14. Nf3
Re8 15. Qc2 Qa5 16. Nd4 Qc3 17. Rac1 Qxc2 18. Rxc2 a5 19. Bf3 Be6 20. Nxe6 fxe6
21. a3 Red8 22. Rd1 Nf6 23. Rcd2 1/2-1/2

[Event "Kirchhellen- Bönen"]
[Site "?"]
[Date "2024.01.28"]
[Round "5.3"]
[White "Merz, Martin"]
[Black "Schueppel, Werner"]
[Result "1/2-1/2"]
[WhiteElo "1944"]
[BlackElo "1915"]
[PlyCount "49"]
[SourceDate "2024.01.23"]

1. d4 g6 2. e4 Bg7 3. Nc3 d6 4. Nf3 Nd7 5. Be3 e5 6. Qd2 exd4 7. Nxd4 Ngf6 8.
f3 O-O 9. O-O-O Re8 10. Kb1 Nc5 11. Bc4 Be6 12. Nxe6 Nxe6 13. h4 h5 14. Bh6 a6
15. Bxg7 Kxg7 16. Bxe6 Rxe6 17. g4 hxg4 18. h5 gxh5 19. Qg5+ Kf8 20. fxg4 Nxe4
21. Nxe4 Rxe4 22. Qh6+ Ke8 23. Rhe1 Rxe1 24. Rxe1+ Kd7 25. Qxh5 1/2-1/2

[Event "Kirchhellen- Bönen"]
[Site "?"]
[Date "2024.01.28"]
[Round "5.4"]
[White "Borgs, Martin"]
[Black "Fuest, Torsten"]
[Result "1/2-1/2"]
[WhiteElo "1899"]
[BlackElo "1907"]
[PlyCount "23"]
[SourceDate "2024.01.23"]

1. d4 Nf6 2. Nf3 g6 3. c4 Bg7 4. g3 d6 5. Bg2 O-O 6. O-O Nc6 7. Nc3 a6 8. Bg5
h6 9. Bd2 e5 10. d5 Nd4 11. Be3 Nxf3+ 12. exf3 1/2-1/2

[Event "Kirchhellen- Bönen"]
[Site "?"]
[Date "2024.01.28"]
[Round "5.5"]
[White "Wegner, Stephan"]
[Black "Andersen, Knud"]
[Result "1-0"]
[WhiteElo "1823"]
[BlackElo "1949"]
[PlyCount "51"]
[SourceDate "2024.01.23"]

1. e4 c5 2. Nc3 Nc6 3. f4 g6 4. Nf3 Bg7 5. a4 e6 6. e5 d6 7. Bb5 d5 8. d4 cxd4
9. Nxd4 Nge7 10. Be3 O-O 11. Qd2 Bd7 12. O-O-O Nxd4 13. Bxd4 a6 14. Bxd7 Qxd7
15. g4 Rac8 16. h4 f6 17. h5 fxe5 18. Bxe5 Bxe5 19. fxe5 Rc4 20. Qe2 b5 21. Ne4
Rxe4 22. Qxe4 Qc7 23. Qe3 bxa4 24. Rdf1 Rxf1+ 25. Rxf1 Qc4 26. Qf2 1-0

[Event "Kirchhellen- Bönen"]
[Site "?"]
[Date "2024.01.28"]
[Round "5.6"]
[White "Gajda, Peter"]
[Black "Bauch, Olaf"]
[Result "1/2-1/2"]
[WhiteElo "1811"]
[BlackElo "1871"]
[PlyCount "40"]
[SourceDate "2024.01.23"]

1. d4 Nf6 2. Nf3 e6 3. g3 b6 4. Bg2 Bb7 5. O-O Be7 6. c4 O-O 7. Nc3 d5 8. Ne5
c5 9. e3 Nbd7 10. Nxd7 Qxd7 11. dxc5 bxc5 12. b3 Rfd8 13. cxd5 exd5 14. Qd3 Qe6
15. Ne2 Ba6 16. Qc2 Rac8 17. Nf4 Qb6 18. Rd1 d4 19. Bf1 Bb7 20. Bg2 Bxg2
1/2-1/2

[Event "Kirchhellen- Bönen"]
[Site "?"]
[Date "2024.01.28"]
[Round "5.7"]
[White "Lenz, Guntram"]
[Black "Kueper, Peter"]
[Result "1/2-1/2"]
[WhiteElo "1833"]
[BlackElo "1784"]
[PlyCount "76"]
[SourceDate "2024.01.23"]

1. d4 d5 2. c4 c6 3. Nf3 Nf6 4. Nc3 Bf5 5. Qb3 Qb6 6. c5 Qxb3 7. axb3 Nbd7 8.
Bf4 Nh5 9. Bd2 Nhf6 10. e3 e5 11. b4 e4 12. Nh4 Be6 13. g3 a6 14. b5 cxb5 15.
Bxb5 Rc8 16. Be2 Be7 17. Ng2 O-O 18. h4 Rfd8 19. Nf4 Nf8 20. O-O Bf5 21. Na4
Ne6 22. Ng2 Nf8 23. Ba5 Re8 24. b4 Bd8 25. Bxd8 Rexd8 26. b5 axb5 27. Nb6 Rb8
28. Bxb5 N8d7 29. Nxd7 Bxd7 30. Rfb1 Bxb5 31. Rxb5 Rdc8 32. Nf4 Kf8 33. Rab1
Rc7 34. Rb6 Ra8 35. R1b2 Ra7 36. Ne2 Rd7 37. Nc3 Ne8 38. Kf1 Ke7 1/2-1/2

[Event "Kirchhellen- Bönen"]
[Site "?"]
[Date "2024.01.28"]
[Round "5.8"]
[White "Burkart, Stefan"]
[Black "Schuetz, Ralf"]
[Result "0-1"]
[WhiteElo "1737"]
[BlackElo "1756"]
[PlyCount "42"]
[SourceDate "2024.01.23"]

1. d4 d5 2. c4 c6 3. Nc3 Nf6 4. Nf3 dxc4 5. a4 Bf5 6. e3 e6 7. Bxc4 Bb4 8. O-O
Nbd7 9. Nh4 Bg6 10. Nxg6 hxg6 11. Qb3 Qe7 12. e4 Nb6 13. Bg5 Bxc3 14. bxc3 Nxc4
15. Qxc4 Qc7 16. e5 Nd5 17. Qd3 Ne7 18. a5 f6 19. Bd2 fxe5 20. Rae1 O-O-O 21.
Rxe5 Qxe5 0-1

[Event "Buer- Dortmund"]
[Site "?"]
[Date "2024.01.28"]
[Round "5.2"]
[White "Winzbeck, Frank"]
[Black "Mallee, Ralph"]
[Result "1/2-1/2"]
[WhiteElo "1850"]
[BlackElo "2069"]
[PlyCount "60"]
[SourceDate "2024.01.23"]

1. d4 Nf6 2. c4 g6 3. Nc3 d5 4. Bg5 Ne4 5. Bh4 Nxc3 6. bxc3 Bg7 7. e3 c6 8. Qb3
O-O 9. Nf3 dxc4 10. Bxc4 b5 11. Be2 Nd7 12. a4 a6 13. axb5 cxb5 14. O-O Nb6 15.
Rfc1 Bb7 16. c4 bxc4 17. Bxc4 Bxf3 18. gxf3 Nxc4 19. Qxc4 a5 20. Qc5 Re8 21.
Bg3 a4 22. Rc4 Qd7 23. Qa3 e5 24. Bxe5 Bxe5 25. dxe5 Rxe5 26. h4 Rea5 27. Kg2
Qe8 28. Re4 Qf8 29. Qxf8+ Kxf8 30. Ra3 R8a7 1/2-1/2

[Event "Buer- Dortmund"]
[Site "?"]
[Date "2024.01.28"]
[Round "5.3"]
[White "Boehmfeldt, Bruno"]
[Black "Hirschberg, Markus"]
[Result "1-0"]
[WhiteElo "2205"]
[BlackElo "1832"]
[PlyCount "71"]
[SourceDate "2024.01.23"]

1. g3 g6 2. Bg2 Bg7 3. d4 Nf6 4. Nf3 O-O 5. O-O d6 6. c4 Nbd7 7. Nc3 c6 8. e4
e5 9. Re1 Qc7 10. h3 Rb8 11. Be3 Nh5 12. dxe5 Nxe5 13. Nxe5 dxe5 14. Bxa7 Ra8
15. Be3 Be6 16. b3 Rfd8 17. Qe2 Qc8 18. Na4 Ra6 19. Bb6 Rd7 20. Rad1 Rxd1 21.
Rxd1 Bf6 22. Kh2 Qb8 23. Be3 Ra8 24. Nc5 Nf4 25. Qf3 Nxg2 26. Kxg2 Be7 27. Nxe6
fxe6 28. a4 Qc7 29. h4 Rf8 30. Qg4 Qc8 31. h5 Kf7 32. Rh1 Rg8 33. hxg6+ hxg6
34. Rh7+ Rg7 35. Qh3 Qg8 36. Rh8 1-0

[Event "Buer- Dortmund"]
[Site "?"]
[Date "2024.01.28"]
[Round "5.4"]
[White "Gill, Stephan"]
[Black "Zeldin, Vitali"]
[Result "0-1"]
[WhiteElo "1823"]
[BlackElo "1985"]
[PlyCount "98"]
[SourceDate "2024.01.23"]

1. d4 d5 2. c4 e6 3. Nc3 Nf6 4. Bf4 a6 5. cxd5 exd5 6. e3 Be7 7. Bd3 O-O 8.
Nge2 Nh5 9. O-O Nxf4 10. Nxf4 c6 11. Qc2 h6 12. Rfb1 Bd6 13. Nfe2 Qe7 14. a3
Be6 15. Na4 Nd7 16. b4 b5 17. Nc5 Nxc5 18. bxc5 Bc7 19. a4 Qg5 20. e4 h5 21. e5
Bh3 22. g3 f6 23. Nf4 Bg4 24. Ng6 fxe5 25. Nxf8 Rxf8 26. h4 Qf6 27. axb5 axb5
28. Ra7 Bb8 29. Rb7 e4 30. Bf1 Qxd4 31. Kg2 Bf3+ 32. Kh3 Be5 33. Re1 Qc3 34.
Qxc3 Bxc3 35. Rc1 d4 36. Rc7 Rf6 37. Bg2 Bg4+ 38. Kh2 Rxf2 39. Rxc6 Bf3 40. Rg1
e3 41. Rc8+ Kh7 42. c6 Ba5 43. c7 Bxc7 44. Rxc7 d3 45. Re7 e2 46. Re3 Rxg2+ 47.
Rxg2 Bxg2 48. Kxg2 d2 49. Rxe2 d1=Q 0-1

[Event "Buer- Dortmund"]
[Site "?"]
[Date "2024.01.28"]
[Round "5.5"]
[White "Meinschien, Finn"]
[Black "Reichardt, Markus"]
[Result "1-0"]
[WhiteElo "1915"]
[BlackElo "1736"]
[PlyCount "39"]
[SourceDate "2024.01.23"]

1. e4 c5 2. Nf3 e6 3. d4 cxd4 4. Nxd4 Nf6 5. Nc3 Bb4 6. Bd3 d5 7. e5 Nfd7 8.
Qe2 Nc6 9. Nxc6 bxc6 10. O-O Nc5 11. Qg4 Bxc3 12. Qxg7 Bxe5 13. Qxe5 f6 14.
Qh5+ Kd7 15. Be2 Ba6 16. c4 Qe8 17. Qf3 Qg6 18. b4 Ne4 19. cxd5 Bxe2 20. dxc6+
1-0

[Event "Buer- Dortmund"]
[Site "?"]
[Date "2024.01.28"]
[Round "5.6"]
[White "Gritzan, Ulrich"]
[Black "Brockmann, Fabian"]
[Result "1-0"]
[WhiteElo "1837"]
[BlackElo "1957"]
[PlyCount "77"]
[SourceDate "2024.01.23"]

1. c4 c5 2. Nf3 Nc6 3. g3 g6 4. Bg2 Bg7 5. O-O d6 6. Nc3 e5 7. e4 Nge7 8. d3
O-O 9. h3 f5 10. Nd5 Nxd5 11. cxd5 Ne7 12. Bd2 b6 13. b4 Ba6 14. Ng5 Bxd3 15.
Ne6 Qe8 16. Re1 fxe4 17. Bxe4 Bxe4 18. Rxe4 Qf7 19. Be3 Rfc8 20. bxc5 bxc5 21.
Rb1 Rab8 22. Rb3 Qf5 23. Ra4 c4 24. Rxc4 a5 25. g4 Qf7 26. Qc2 Qe8 27. Rbc3
Rxc4 28. Rxc4 Nxd5 29. Nxg7 Kxg7 30. Bd2 Qb5 31. Kg2 Rf8 32. Qc1 Kg8 33. Bh6
Nb6 34. Rc7 Qd5+ 35. Kg1 Rb8 36. Rg7+ Kh8 37. Qc7 Nd7 38. Rxd7 Rb1+ 39. Bc1 1-0

[Event "Buer- Dortmund"]
[Site "?"]
[Date "2024.01.28"]
[Round "5.7"]
[White "Alarand, Beshr"]
[Black "Czilwik, Frank"]
[Result "1/2-1/2"]
[WhiteElo "1934"]
[BlackElo "1691"]
[PlyCount "43"]
[SourceDate "2024.01.23"]

1. e4 e5 2. Nf3 Nf6 3. Nxe5 d6 4. Nf3 Nxe4 5. Nc3 Nxc3 6. dxc3 Be7 7. Be3 Nd7
8. Qd2 Nf6 9. Bd3 O-O 10. O-O-O Be6 11. Nd4 Qd7 12. Nxe6 fxe6 13. Rhe1 e5 14.
f3 a6 15. c4 Qa4 16. Kb1 b5 17. b3 Qa3 18. Qc3 c6 19. Bc1 Qc5 20. Be3 Qa3 21.
Bc1 Qc5 22. Be3 1/2-1/2

[Event "Buer- Dortmund"]
[Site "?"]
[Date "2024.01.28"]
[Round "5.8"]
[White "Kolbe, Markus"]
[Black "Wilms, Christoph"]
[Result "1/2-1/2"]
[WhiteElo "1603"]
[BlackElo "1811"]
[PlyCount "25"]
[SourceDate "2024.01.23"]

1. g3 Nf6 2. Bg2 d5 3. c4 c6 4. cxd5 cxd5 5. d4 Bf5 6. Nc3 e6 7. Nf3 Nc6 8. a3
Bd6 9. O-O Rc8 10. Bf4 Bxf4 11. gxf4 O-O 12. Ne5 Ng4 13. e4 1/2-1/2

[Event "Bottrop- Linden"]
[Site "?"]
[Date "2024.01.28"]
[Round "5.1"]
[White "Boehm, Ingo"]
[Black "Ruhmann, Gabriel"]
[Result "1/2-1/2"]
[WhiteElo "2081"]
[BlackElo "1903"]
[PlyCount "78"]
[SourceDate "2024.01.23"]

1. e4 c6 2. d4 d5 3. Nc3 dxe4 4. Nxe4 Bf5 5. Ng3 Bg6 6. Nf3 Nd7 7. Be2 Ngf6 8.
O-O e6 9. Re1 Bd6 10. Bf1 O-O 11. c4 Qc7 12. Nh4 Bf4 13. Qf3 Bxc1 14. Raxc1 Qa5
15. Nxg6 hxg6 16. a3 Rac8 17. b4 Qg5 18. Rcd1 Rfe8 19. Ne4 Nxe4 20. Rxe4 Rcd8
21. Ree1 Qf6 22. Qe3 Nb6 23. a4 Rd7 24. a5 Nc8 25. Rd2 Red8 26. Red1 Ne7 27. d5
exd5 28. Qxa7 b5 29. Qd4 Qxd4 30. Rxd4 bxc4 31. Bxc4 Rb8 32. Be2 Nf5 33. Rf4
Nd6 34. h4 Rdb7 35. Rc1 Nc4 36. Bxc4 Rxb4 37. g3 Rxc4 38. Rfxc4 dxc4 39. Rxc4
Rb1+ 1/2-1/2

[Event "Bottrop- Linden"]
[Site "?"]
[Date "2024.01.28"]
[Round "5.2"]
[White "Stadtmann, Jens"]
[Black "Meyer, Torsten"]
[Result "1-0"]
[WhiteElo "2186"]
[BlackElo "1933"]
[PlyCount "51"]
[SourceDate "2024.01.23"]

1. c4 g6 2. d4 Bg7 3. Nc3 d6 4. e4 e5 5. Nge2 Nc6 6. d5 Nce7 7. Be3 f5 8. f3
Nf6 9. h3 f4 10. Bf2 O-O 11. Nc1 c5 12. Bd3 a6 13. a3 Bd7 14. b4 b6 15. Rb1 Rb8
16. N1a2 Qc7 17. a4 a5 18. bxa5 bxa5 19. Rxb8 Rxb8 20. Nb5 Bxb5 21. axb5 Nd7
22. Nc3 Nb6 23. Ke2 Ra8 24. Qc2 Qa7 25. Ra1 a4 26. Ra3 1-0

[Event "Bottrop- Linden"]
[Site "?"]
[Date "2024.01.28"]
[Round "5.3"]
[White "Kandyba, Andriy"]
[Black "Masberg, Stefan"]
[Result "1-0"]
[WhiteElo "1984"]
[BlackElo "1897"]
[PlyCount "61"]
[SourceDate "2024.01.23"]

1. d4 Nf6 2. Nf3 e6 3. c4 d5 4. Nc3 Bb4 5. Bg5 c6 6. e3 Qa5 7. Bxf6 Bxc3+ 8.
bxc3 Qxc3+ 9. Nd2 gxf6 10. cxd5 exd5 11. Rb1 Nd7 12. Be2 f5 13. O-O Qa3 14. Qc2
Nf6 15. Rb3 Qd6 16. f3 O-O 17. Kh1 f4 18. e4 Nh5 19. Rd1 Re8 20. Bd3 Qh6 21.
Kg1 Qg7 22. e5 Bh3 23. Nf1 Bc8 24. Rbb1 Kh8 25. Bf5 Re7 26. Rd2 Be6 27. Rb2 Rc8
28. Qc5 Qg5 29. Bxe6 b6 30. Qxe7 Qxe7 31. Bxc8 1-0

[Event "Bottrop- Linden"]
[Site "?"]
[Date "2024.01.28"]
[Round "5.4"]
[White "Gierse, Heinz- Dieter"]
[Black "Schmidt, Ralph"]
[Result "0-1"]
[WhiteElo "1908"]
[BlackElo "1878"]
[PlyCount "52"]
[SourceDate "2024.01.23"]

1. Nf3 Nc6 2. g3 e5 3. d3 Bc5 4. Bg2 d6 5. e4 Nge7 6. O-O O-O 7. c3 Bb6 8. Nbd2
Be6 9. Ng5 Qd7 10. Nxe6 Qxe6 11. Nc4 Na5 12. Ne3 Bxe3 13. Bxe3 f5 14. Qa4 Nac6
15. exf5 Qxf5 16. Qc4+ Kh8 17. b4 d5 18. Bxd5 Nxd5 19. Qxd5 Rad8 20. Qb5 Rxd3
21. Qxb7 Rxc3 22. Bc5 Nd4 23. Bxd4 exd4 24. Qxa7 Qd5 25. Rad1 Rc4 26. Rd2 Ra8
0-1

[Event "Bottrop- Linden"]
[Site "?"]
[Date "2024.01.28"]
[Round "5.5"]
[White "Hochstein, Udo"]
[Black "Nowacki, Marcus"]
[Result "1-0"]
[WhiteElo "1849"]
[BlackElo "1842"]
[PlyCount "69"]
[SourceDate "2024.01.23"]

1. d4 d5 2. c4 Bf5 3. Nc3 e6 4. cxd5 exd5 5. Nf3 c6 6. e3 Nf6 7. Be2 Nbd7 8.
O-O Bd6 9. a3 Ne4 10. Bd2 O-O 11. b4 Rc8 12. Na4 b5 13. Nc5 Ndxc5 14. dxc5 Bb8
15. Rc1 Qc7 16. Bc3 Rce8 17. Qd4 Nxc3 18. Qxc3 Bg4 19. g3 Re4 20. Rfe1 Bh5 21.
Ng5 Rh4 22. f4 Bxe2 23. gxh4 Bc4 24. Rc2 Qe7 25. Rg2 f6 26. Nf3 Qe4 27. Nd4 Rc8
28. Qd2 Rc7 29. Rg3 Qe8 30. Qd1 Rf7 31. Qg4 Kf8 32. Ne6+ Ke7 33. Nxg7 Rxg7 34.
Qxg7+ Qf7 35. Qh8 1-0

[Event "Bottrop- Linden"]
[Site "?"]
[Date "2024.01.28"]
[Round "5.6"]
[White "Huestegge, Ulrich"]
[Black "Jedner, Volker"]
[Result "1/2-1/2"]
[WhiteElo "1872"]
[BlackElo "1778"]
[PlyCount "153"]
[SourceDate "2024.01.23"]

1. c4 c6 2. Nc3 d5 3. cxd5 cxd5 4. d4 Nf6 5. Nf3 Nc6 6. Bf4 e6 7. e3 Bd6 8. Bg5
O-O 9. Be2 Be7 10. O-O a6 11. Rc1 h6 12. Bh4 Ne4 13. Bxe7 Qxe7 14. Nxe4 dxe4
15. Nd2 f5 16. f3 exf3 17. Bxf3 Bd7 18. Nc4 Rad8 19. Nb6 Be8 20. Qb3 Kh8 21. d5
exd5 22. Nxd5 Qf7 23. e4 Nd4 24. Qb6 fxe4 25. Bg4 Nf3+ 26. gxf3 Qxd5 27. fxe4
Rxf1+ 28. Rxf1 Qg5 29. Kh1 Bc6 30. Bf3 Rf8 31. Qd4 Qe7 32. Kg1 Qg5+ 33. Kh1 Qe7
34. Kg1 Rf4 35. Qe3 Qe5 36. Re1 Qf6 37. Bg2 Qe5 38. Re2 h5 39. Qc3 Qg5 40. Qe3
Bxe4 41. Qd2 Qc5+ 42. Qe3 Qxe3+ 43. Rxe3 Bxg2 44. Kxg2 Rd4 45. Re2 Kh7 46. Kf3
Rd6 47. Kf4 Kh6 48. h4 Rd4+ 49. Kg3 Rg4+ 50. Kh3 Rg6 51. b3 Rd6 52. Re3 b5 53.
a3 a5 54. Kg3 Rc6 55. Kf4 Rf6+ 56. Kg3 g5 57. Re5 gxh4+ 58. Kxh4 Rf4+ 59. Kg3
Rg4+ 60. Kh3 Rg5 61. Re6+ Kg7 62. Rb6 Re5 63. Kh4 Kf7 64. Ra6 b4 65. axb4 Re4+
66. Kxh5 axb4 67. Rb6 Ke7 68. Kg5 Kd7 69. Kf5 Rh4 70. Ke5 Kc7 71. Rg6 Rh3 72.
Kd5 Rxb3 73. Kc5 Rb1 74. Rg8 b3 75. Rg7+ Kd8 76. Kc4 b2 77. Kc3 1/2-1/2

[Event "Bottrop- Linden"]
[Site "?"]
[Date "2024.01.28"]
[Round "5.7"]
[White "Pappert, Thomas"]
[Black "Jaeger, Heinz"]
[Result "0-1"]
[WhiteElo "1748"]
[BlackElo "1969"]
[PlyCount "22"]
[SourceDate "2024.01.23"]

1. c4 e5 2. Nc3 f5 3. g3 Nf6 4. Bg2 c6 5. e3 e4 6. d4 d5 7. cxd5 cxd5 8. Nge2
Bd6 9. Qb3 Nc6 10. Nxd5 Nxd5 11. Qxd5 Bb4+ 0-1

[Event "Bottrop- Linden"]
[Site "?"]
[Date "2024.01.28"]
[Round "5.8"]
[White "Husseini, Ali"]
[Black "Boemelburg, Hans- Juergen"]
[Result "1-0"]
[WhiteElo "2002"]
[BlackElo "1720"]
[PlyCount "95"]
[SourceDate "2024.01.23"]

1. e4 Nf6 2. e5 Nd5 3. c4 Nb6 4. c5 Nd5 5. Bc4 e6 6. d4 d6 7. cxd6 cxd6 8. Nf3
Nc6 9. O-O dxe5 10. dxe5 Be7 11. Nbd2 O-O 12. Ne4 Nb6 13. Bd3 Nb4 14. Nd6 Nxd3
15. Qxd3 Nd5 16. Ne4 Nb4 17. Qb3 Qd3 18. Nc3 Qc2 19. Qc4 b5 20. Qg4 Qg6 21.
Qxg6 hxg6 22. a3 Nc2 23. Rb1 b4 24. axb4 Nxb4 25. Rd1 Rd8 26. Be3 Bd7 27. Ra1
Bc6 28. Rxd8+ Bxd8 29. Rxa7 Rxa7 30. Bxa7 Bc7 31. Bc5 Nd3 32. Bd6 Bb6 33. b4
Bxf2+ 34. Kf1 Bb6 35. b5 Bd7 36. Na4 Ba7 37. b6 Bxa4 38. bxa7 Bc6 39. Nd4 Ba8
40. g3 f6 41. Nxe6 fxe5 42. Nc7 Bc6 43. a8=Q+ Bxa8 44. Nxa8 Kf7 45. Ke2 Ke6 46.
Kxd3 Kxd6 47. Ke4 g5 48. Nb6 1-0

[Event "Welper 2- Haltern"]
[Site "?"]
[Date "2024.01.28"]
[Round "5.1"]
[White "Michalicek, Roland"]
[Black "Adiyaman, Rene"]
[Result "1-0"]
[WhiteElo "1861"]
[BlackElo "2090"]
[PlyCount "101"]
[SourceDate "2024.01.23"]

1. e4 e5 2. Nf3 Nc6 3. c3 d5 4. Bb5 f6 5. exd5 Qxd5 6. Qb3 Qe4+ 7. Be2 g5 8. d3
Qg6 9. O-O Nge7 10. d4 e4 11. Nfd2 f5 12. d5 Ne5 13. Nc4 Bg7 14. Nba3 Nf7 15.
Nb5 Nxd5 16. Rd1 c6 17. Rxd5 cxd5 18. Nc7+ Kf8 19. Nxa8 dxc4 20. Bxc4 Bf6 21.
Nc7 Nd6 22. Be3 h6 23. Rd1 Be5 24. Bc5 b6 25. Bxd6+ Bxd6 26. Nb5 Bc5 27. Nxa7
Ke7 28. Qa4 Bd6 29. Nc6+ Kf8 30. Nd4 Qf6 31. Qa8 Kg7 32. Qd5 Rd8 33. g3 Kg6 34.
Nc6 Bb7 35. Ne5+ Bxe5 36. Qxd8 Qxd8 37. Rxd8 f4 38. Bd5 e3 39. fxe3 Bf6 40. Rd6
Bxd5 41. Rxd5 fxe3 42. Rd3 Kf5 43. Rxe3 g4 44. Kg2 h5 45. b4 Be5 46. Rxe5+ Kxe5
47. Kf2 Kd5 48. Ke3 Kc4 49. Kd2 Kb5 50. Kd3 Ka4 51. Kc4 1-0

[Event "Welper 2- Haltern"]
[Site "?"]
[Date "2024.01.28"]
[Round "5.2"]
[White "Sharma, Danesh"]
[Black "Czarnik, Jozef"]
[Result "1-0"]
[WhiteElo "1956"]
[BlackElo "1899"]
[Annotator "daniel"]
[PlyCount "103"]
[SourceDate "2024.01.23"]

1. e4 e6 2. d4 d5 3. Nc3 Bb4 4. e5 c5 5. a3 Bxc3+ 6. bxc3 Ne7 7. Qg4 Nf5 8. Bd3
h5 9. Qg5 Qxg5 10. Bxg5 cxd4 11. Bxf5 exf5 12. cxd4 Nc6 13. Ne2 Be6 14. Rb1 b6
15. Bd2 Kd7 $11 16. a4 Rab8 17. h4 Rb7 18. Rh3 Rhb8 19. Rg3 g6 20. Rgb3 Ke7 21.
Bb4+ Nxb4 22. Rxb4 a6 23. Kd2 b5 24. a5 Kd8 25. Nf4 Rc8 26. Nd3 Rbc7 27. Nc5
Rc6 28. R1b3 Ke7 29. Rc3 Bd7 30. Rbb3 Be6 31. Kd3 Bd7 32. Nb7 f4 33. Nd6 Rxc3+
34. Rxc3 Rxc3+ 35. Kxc3 f6 36. Nb7 Bc8 37. Nc5 g5 38. g3 f5 39. hxg5 fxg3 40.
fxg3 f4 41. gxf4 h4 42. Nd3 Ke6 43. Kd2 Kf5 44. Ke3 Kg4 45. g6 Be6 46. g7 Bg8
47. Nf2+ Kf5 48. Kf3 Be6 49. Ng4 Kg6 50. f5+ Kxf5 51. g8=Q Bxg8 52. Nh6+ 1-0

[Event "Welper 2- Haltern"]
[Site "?"]
[Date "2024.01.28"]
[Round "5.3"]
[White "Lombardi, Marco"]
[Black "Marx, Patrick"]
[Result "1-0"]
[WhiteElo "1866"]
[BlackElo "1964"]
[PlyCount "67"]
[SourceDate "2024.01.23"]

1. e4 c6 2. d4 d5 3. Nc3 b5 4. a3 dxe4 5. Nxe4 Nf6 6. Nxf6+ exf6 7. Nf3 Be6 8.
Be2 Bd6 9. Be3 Nd7 10. O-O a6 11. Rc1 Nb6 12. Ne1 Qc7 13. g3 c5 14. dxc5 Bxc5
15. Bxc5 Qxc5 16. Nd3 Qc7 17. Bf3 Rd8 18. Qe2 O-O 19. b3 Rfe8 20. Rfe1 Kf8 21.
Qd2 Rd4 22. Qe3 Red8 23. Nb4 R4d6 24. Nxa6 Qc8 25. Nb4 Nd7 26. Nd3 Qc3 27. Bg2
Ra6 28. Nf4 Qa5 29. Bf1 Rc8 30. a4 bxa4 31. Bxa6 Qxa6 32. bxa4 Ne5 33. Nxe6+
fxe6 34. f4 1-0

[Event "Welper 2- Haltern"]
[Site "?"]
[Date "2024.01.28"]
[Round "5.4"]
[White "Nuernberger, David"]
[Black "Schulz, Alfons"]
[Result "1-0"]
[WhiteElo "1776"]
[BlackElo "1759"]
[PlyCount "121"]
[SourceDate "2024.01.23"]

1. d4 Nf6 2. c4 e6 3. Nc3 c5 4. d5 exd5 5. cxd5 d6 6. e4 g6 7. f4 Bg7 8. Bb5+
Nfd7 9. a4 a6 10. Bd3 O-O 11. Nf3 Re8 12. O-O Nf6 13. h3 Nbd7 14. Re1 b6 15. e5
dxe5 16. fxe5 Nh5 17. e6 fxe6 18. dxe6 Nf8 19. e7 Rxe7 20. Bc4+ Be6 21. Bxe6+
Nxe6 22. Qb3 Bd4+ 23. Nxd4 Qxd4+ 24. Be3 Qb4 25. Qxb4 cxb4 26. Nd5 Rf7 27. Bxb6
Nef4 28. Nxb4 Rb7 29. a5 Kf7 30. Rac1 Nf6 31. Rc6 N4d5 32. Nxd5 Nxd5 33. Rd1
Ne7 34. Rcd6 h5 35. Rd7 Rxd7 36. Rxd7 Ke6 37. Ra7 Rxa7 38. Bxa7 Nc8 39. Bc5 Kd5
40. b4 Nd6 41. Kf1 Nb5 42. Kf2 Ke4 43. Kg3 Kf5 44. Kh4 Ke6 45. Kg5 Kf7 46. Kf4
Ke6 47. Ke4 Nc3+ 48. Kd3 Nb5 49. Ke4 Nc3+ 50. Kf4 Nb5 51. Bf8 Na3 52. Ke4 Kf7
53. Bh6 Ke6 54. Kd4 Kd6 55. Bf8+ Kc6 56. Ke5 Kb5 57. Kf6 Nc2 58. Kxg6 Nxb4 59.
Kxh5 Kxa5 60. g4 Kb5 61. g5 1-0

[Event "Welper 2- Haltern"]
[Site "?"]
[Date "2024.01.28"]
[Round "5.5"]
[White "Lohkemper, Malte"]
[Black "Teich, Udo"]
[Result "1-0"]
[WhiteElo "1697"]
[BlackElo "1857"]
[PlyCount "87"]
[SourceDate "2024.01.23"]

1. d4 Nf6 2. Bf4 g6 3. Nc3 Bg7 4. e4 d6 5. Qd2 Nbd7 6. Bh6 O-O 7. Bxg7 Kxg7 8.
O-O-O c6 9. f3 Qa5 10. Kb1 e5 11. g4 Nb6 12. h4 h5 13. gxh5 Nxh5 14. Bh3 Nc4
15. Qc1 Qb6 16. Bxc8 Raxc8 17. Nge2 Rfd8 18. b3 exd4 19. Nxd4 Qa5 20. Nce2 Na3+
21. Kb2 Nb5 22. Nf5+ Kg8 23. Ne7+ Kf8 24. Nxc8 Rxc8 25. a4 Nc7 26. Nc3 b5 27.
axb5 cxb5 28. Qa1 Qb6 29. Nd5 Nxd5 30. Rxd5 Nf4 31. Rd2 Qe3 32. Qd1 Qc3+ 33.
Kb1 d5 34. exd5 Rc5 35. d6 Ke8 36. Re1+ Kd8 37. d7 Ne6 38. Re4 b4 39. Rd3 Qf6
40. Rxb4 Kc7 41. Qe1 a5 42. Qg3+ Qe5 43. Qxe5+ Rxe5 44. Rc4+ 1-0